[Event "European Youth Chess Championship B16"]
[Site "Prague, Top Hotel Prague"]
[Date "2012.08.18"]
[Round "2.44"]
[White "Krasovskiy, Kirill"]
[Black "Aartun, Eivind"]
[Result "1-0"]
[WhiteElo "2024"]
[BlackElo "1826"]
[PlyCount "53"]
[EventDate "2012.08.17"]

1. e4 c5 2. Nf3 d6 3. d4 cxd4 4. Nxd4 Nf6 5. Nc3 g6 6. Be3 Bg7 7. f3 O-O 8. Qd2
Nc6 9. O-O-O d5 10. Qe1 Nxd4 11. Bxd4 e6 12. exd5 Bh6+ 13. Be3 Bxe3+ 14. Qxe3
exd5 15. Bc4 Be6 16. Nxd5 Bxd5 17. Bxd5 Nxd5 18. Qe5 Re8 19. Qxd5 Qf6 20. Qd4
Qa6 21. Kb1 Re2 22. Rd2 Rae8 23. Rhd1 Re1 24. b3 Qf1 25. Qd7 Rxd1+ 26. Rxd1 Re1
27. Qe8+ 1-0

[Event "European Youth Chess Championship B16"]
[Site "Prague, Top Hotel Prague"]
[Date "2012.08.18"]
[Round "2.45"]
[White "Markoja, Sebastijan"]
[Black "Novotny, Ales"]
[Result "1-0"]
[WhiteElo "2018"]
[BlackElo "1794"]
[PlyCount "33"]
[EventDate "2012.08.17"]

1. e4 c6 2. d4 d5 3. e5 c5 4. dxc5 e6 5. Nf3 Bxc5 6. Bd3 Ne7 7. O-O O-O 8.
Bxh7+ Kh8 9. Bd3 f5 10. exf6 gxf6 11. Nh4 Kg7 12. Qg4+ Kf7 13. Qh5+ Ng6 14.
Nxg6 Rg8 15. Qh7+ Rg7 16. Nh8+ Kf8 17. Bh6 1-0

[Event "European Youth Chess Championship B16"]
[Site "Prague, Top Hotel Prague"]
[Date "2012.08.18"]
[Round "2.46"]
[White "Smith, Patrick L"]
[Black "Eggink, Mateusz"]
[Result "0-1"]
[WhiteElo "1771"]
[BlackElo "2013"]
[PlyCount "96"]
[EventDate "2012.08.17"]

1. e4 c5 2. Nf3 d6 3. Bb5+ Nd7 4. d4 Ngf6 5. O-O cxd4 6. Qxd4 a6 7. Bxd7+ Bxd7
8. e5 dxe5 9. Nxe5 Be6 10. Rd1 Qxd4 11. Rxd4 Bf5 12. c4 g6 13. g4 Be6 14. g5
Nd7 15. Nxd7 Bxd7 16. Be3 Rc8 17. Na3 Bg7 18. Rd2 Be6 19. Bd4 O-O 20. Bxg7 Kxg7
21. Rd4 Rc5 22. h4 h6 23. f4 hxg5 24. hxg5 Rh8 25. Rd3 Rh4 26. Rd4 Rxg5+ 27.
fxg5 Rxd4 28. b3 Rg4+ 29. Kf2 Rxg5 30. Nc2 Rh5 31. Rg1 Rh2+ 32. Rg2 Rxg2+ 33.
Kxg2 Bf5 34. Nd4 e5 35. Ne2 Be4+ 36. Kf2 f5 37. c5 Kf7 38. Nc3 Bc6 39. b4 Ke6
40. a4 g5 41. b5 axb5 42. axb5 Bd7 43. Ke3 g4 44. Kd3 f4 45. c6 bxc6 46. b6 Bc8
47. Ne4 g3 48. Nc5+ Kd5 0-1

[Event "European Youth Chess Championship B16"]
[Site "Prague, Top Hotel Prague"]
[Date "2012.08.18"]
[Round "2.47"]
[White "Rauramaa, Julius"]
[Black "Melichar, Vojtech"]
[Result "1/2-1/2"]
[WhiteElo "2006"]
[BlackElo "1737"]
[PlyCount "88"]
[EventDate "2012.08.17"]

1. c4 e6 2. e4 c5 3. Nf3 Nc6 4. d4 cxd4 5. Nxd4 Bc5 6. Nb3 d6 7. Nc3 Nge7 8.
Be2 O-O 9. O-O e5 10. Bg5 f6 11. Bd2 Nd4 12. Nxd4 Bxd4 13. Rb1 Be6 14. Nb5 Nc6
15. Nxd4 Nxd4 16. Be3 Nxe2+ 17. Qxe2 Qc7 18. b3 b6 19. Rfd1 Rfd8 20. Rb2 Rd7
21. Rbd2 Rad8 22. f4 Bf7 23. f5 Qc6 24. Qd3 g6 25. g4 gxf5 26. gxf5 Bh5 27. Rf1
Rg7+ 28. Rg2 Rdd7 29. Rff2 Rxg2+ 30. Rxg2+ Rg7 31. Rxg7+ Kxg7 32. Kf2 Kf7 33.
a4 Ke7 34. a5 bxa5 35. Bxa7 a4 36. bxa4 Qxa4 37. Be3 Qa2+ 38. Bd2 Bf7 39. Kg3
Qxc4 40. Qxc4 Bxc4 41. Kf3 d5 42. exd5 Bxd5+ 43. Kg4 Be4 44. Bh6 Kf7 1/2-1/2

[Event "European Youth Chess Championship B16"]
[Site "Prague, Top Hotel Prague"]
[Date "2012.08.18"]
[Round "2.48"]
[White "Meisch, Tanguy"]
[Black "Medar, Marti"]
[Result "0-1"]
[WhiteElo "1748"]
[BlackElo "2000"]
[PlyCount "78"]
[EventDate "2012.08.17"]

1. e4 c6 2. d4 d5 3. exd5 cxd5 4. Bd3 Nc6 5. c3 g6 6. Bf4 Bg7 7. Nd2 Nh6 8. Qb3
f6 9. Ngf3 e5 10. dxe5 fxe5 11. Bg5 Qd6 12. O-O-O Nf7 13. Bc2 Nxg5 14. Nxg5 Qf6
15. f4 Qxf4 16. Nh3 Bxh3 17. Qxb7 O-O 18. gxh3 e4 19. Qxc6 e3 20. Qxd5+ Kh8 21.
Rhf1 exd2+ 22. Qxd2 Qxf1 23. Rxf1 Rxf1+ 24. Bd1 Bf6 25. Qg2 Rf8 26. Kc2 Bg7 27.
Qd5 R1f2+ 28. Kb3 Rb8+ 29. Kc4 Rfxb2 30. Bb3 Rxh2 31. Qd7 Rf8 32. a4 Rhf2 33.
Kb4 Rb8+ 34. Kc5 Rxb3 35. Qxa7 Rxc3+ 36. Kb4 Rb2+ 37. Ka5 Rc8 38. Ka6 Rc6+ 39.
Ka5 Bc3# 0-1

[Event "European Youth Chess Championship B16"]
[Site "Prague, Top Hotel Prague"]
[Date "2012.08.18"]
[Round "2.49"]
[White "Pricopie, Stefan"]
[Black "Slampa, Jan"]
[Result "0-1"]
[WhiteElo "1616"]
[BlackElo "1996"]
[PlyCount "128"]
[EventDate "2012.08.17"]

1. d4 Nf6 2. c4 e6 3. Nc3 d5 4. cxd5 exd5 5. Bg5 c6 6. Qc2 Be7 7. e3 Nbd7 8.
Nf3 O-O 9. Bd3 h6 10. Bf4 Re8 11. h3 Nf8 12. O-O-O Bd6 13. Bxd6 Qxd6 14. Ne5 c5
15. g4 c4 16. Be2 N6d7 17. Nxd7 Bxd7 18. Bf3 Bc6 19. Rdg1 g6 20. Rg3 b5 21.
Rhg1 b4 22. Ne2 Rab8 23. g5 b3 24. axb3 cxb3 25. Qb1 Bb5 26. Nc3 Qa6 27. Rd1
Rec8 28. Bxd5 Be2 29. Rd2 Bc4 30. Bxc4 Rxc4 31. Rg1 Rbc8 32. Rd3 hxg5 33. Kd2
Qf6 34. Rg2 Ne6 35. Qd1 a5 36. Qxb3 Qf3 37. Rh2 Nxd4 38. Qd1 Qf5 39. Kc1 Nb3+
40. Kb1 Nc5 41. e4 Nxe4 42. Qc2 Nxc3+ 43. Rxc3 Qxc2+ 44. Kxc2 Kg7 45. Rh1 a4
46. Kd3 Rxc3+ 47. bxc3 Rd8+ 48. Ke3 Kf6 49. Ra1 Ra8 50. Ra3 Ke5 51. c4 f5 52.
Kd3 Ra7 53. Ke3 f4+ 54. Kd3 Rh7 55. Rxa4 Rxh3+ 56. Ke2 g4 57. Ra5+ Ke4 58. Rg5
f3+ 59. Kd2 Kf4 60. Rxg6 Rh2 61. Kd3 Rxf2 62. c5 Re2 63. Rg7 Re8 64. Rf7+ Kg3
0-1

[Event "European Youth Chess Championship B16"]
[Site "Prague, Top Hotel Prague"]
[Date "2012.08.18"]
[Round "2.50"]
[White "Burcu, Cagatay"]
[Black "Chalabi, Max"]
[Result "1-0"]
[WhiteElo "1992"]
[BlackElo "1680"]
[PlyCount "93"]
[EventDate "2012.08.17"]

1. d4 d5 2. c4 Bf5 3. Nc3 e6 4. Nf3 Nc6 5. Bf4 Nf6 6. a3 h6 7. e3 a6 8. Rc1 Bd6
9. Bg3 O-O 10. Bd3 Bxg3 11. hxg3 Bxd3 12. Qxd3 Na5 13. cxd5 Nxd5 14. g4 f5 15.
gxf5 exf5 16. Nxd5 Qxd5 17. Rc5 Qb3 18. Qxb3+ Nxb3 19. Rc3 Na5 20. Ne5 Nc6 21.
Nxc6 bxc6 22. Rxc6 Rab8 23. b4 a5 24. Rc4 axb4 25. axb4 f4 26. Ke2 fxe3 27.
fxe3 Rf6 28. Rf1 Rg6 29. Rf2 Ra6 30. Kd3 Ra3+ 31. Rc3 Ra4 32. Rxc7 Raxb4 33.
Rff7 Rb3+ 34. Ke2 g5 35. Rg7+ Kf8 36. Rh7 Kg8 37. Rxh6 Re8 38. Rg6+ Kf8 39.
Rf6+ Kg8 40. Rf3 Rb2+ 41. Kf1 Re6 42. Rc5 Rg6 43. g4 Ra6 44. Rxg5+ Kh7 45. Rh3+
Rh6 46. Rxh6+ Kxh6 47. Re5 1-0